01761nam a2200277 i 450000100060000000300090000600500170001500700030003200800410003501700520007602000180012802400240014608000270017010000420019724500490023926000730028830000490036149000440041050000360045450400400049052007730053063000370130371000590134083000440139985200400144393367ES-MaACL20250824063036.0t|050524s2003 sp ||||1| spa d aM 48163-2003 bOficina Depósito Legal Madrid  a84-00-08165-X a403-03-111-12nipo  a(05)(460.235 B.)(091) 1 aLabajo, María Trinidad,d1968-eaut10aLecturas / cM.ª Trinidad Labajo González aMadrid : bConsejo Superior de Investigaciones Científicas, c2003 a407 páginas ; c22 cm + e1 disco (CD-ROM)1 aColección Literatura breve (CSIC)v11 aBasado en la tesis de la autora aBibliografía: páginas [397]-407 aEstudio sobre una de las publicaciones más importantes en el panorama cultural español, la revista "Lecturas", que nació en 1921 como suplemento literario de "El Hogar y la moda". La obra explora diversas facetas de "Lecturas", desde su origen, dirección y orientación, hasta sus distintas secciones (cuento, novela, teatro, cinematografía) y los principales colaboradores, muchos de ellos destacados en literatura, historia o arte. Se tratan en ella, además, otros aspectos relacionados con la sociología del acto comunicativo, entre los que destacan el estado cultural, las colaboraciones educativas o los tipos de receptores. La obra se acompaña de una bibliografía, donde el lector podrá consultar los índices y contenidos de esta revista 0aLecturas (Barcelona)- vHistoria2 aConsejo Superior de Investigaciones Científicaseedt 0aColección Literatura breve (CSIC)v114 aES-MaACLbR.135416cDEPO2jL-29113